Economía para el 99 % de la población.

Đã lưu trong:
Chi tiết về thư mục
Tác giả chính: Chang, Ha-Joon (autor)
Tác giả khác: Arijón, Teresa (traductora)
Định dạng: Sách
Được phát hành: Barcelona, España: Penguin Random House, 2015.
Phiên bản:Primera edición.
Loạt:Debate Economía.
Những chủ đề:
Các nhãn: Thêm thẻ
Không có thẻ, Là người đầu tiên thẻ bản ghi này!

MARC

LEADER 00000cam a2200000 a 4500
003 CL-VaPUC
005 20240102123440.0
008 230418t2015 ||||| |||| 00| 0 eng d
999 |c 440560  |d 440558 
020 |a 978-958-8931-17-3 
040 |c Pontificia Universidad Católica de Valparaíso 
082 0 4 |a 330 CHA 2015  |2 21 
100 0 |a Chang, Ha-Joon  |e autor  |9 598348 
245 1 0 |a Economía para el 99 % de la población. 
250 |a Primera edición.  
260 |a Barcelona, España:  |b Penguin Random House,   |c 2015. 
300 |a 457 páginas.  
490 |a Debate Economía. 
583 |c 20230427 
650 0 |a Economía   |9 255568 
650 0 |a Capitalismo  |9 255255 
650 0 |a Producción   |9 263680 
650 0 |a Economía  |9 317048  |x Historia 
650 0 |a Comercio exterior  |9 257617 
700 |a Arijón, Teresa  |e traductora  |9 881592 
942 |c BK  |2 ddc 
952 |0 0  |1 0  |2 ddc  |4 0  |6 330_000000000000000_CHA_2015  |7 0  |8 R  |9 589694  |a BIBENE  |b BIBENE  |c RES  |d 2023-04-18  |e 3  |g 13797.90  |i 5657196  |l 21  |m 1  |o 330 CHA 2015  |p 5657196  |r 2025-03-28  |s 2025-03-28  |t 5  |v 13797.90  |w 2023-04-18  |y BK_R  |k ICO 
952 |0 0  |1 0  |2 ddc  |4 0  |6 330_000000000000000_CHA_2015  |7 0  |8 R  |9 589695  |a BIBENE  |b BIBENE  |c RES  |d 2023-04-18  |e 3  |g 13797.90  |i 5657194  |l 19  |o 330 CHA 2015  |p 5657194  |r 2025-03-31  |s 2025-03-28  |t 3  |v 13797.90  |w 2023-04-18  |y BK_R  |k ICO 
952 |0 0  |1 0  |2 ddc  |4 0  |6 330_000000000000000_CHA_2015  |7 0  |8 R  |9 589696  |a BIBENE  |b BIBENE  |c RES  |d 2023-04-18  |e 3  |g 13797.90  |i 5657193  |l 22  |o 330 CHA 2015  |p 5657193  |r 2025-03-31  |s 2025-03-28  |t 2  |v 13797.90  |w 2023-04-18  |y BK_R  |k ICO 
952 |0 0  |1 0  |2 ddc  |4 0  |6 330_000000000000000_CHA_2015  |7 0  |8 R  |9 589697  |a BIBENE  |b BIBENE  |c RES  |d 2023-04-18  |e 3  |g 13797.90  |i 5657195  |l 19  |m 1  |o 330 CHA 2015  |p 5657195  |r 2025-03-31  |s 2025-03-27  |t 4  |v 13797.90  |w 2023-04-18  |y BK_R  |k ICO 
952 |0 0  |1 0  |2 ddc  |4 0  |6 330_000000000000000_CHA_2015  |7 0  |8 R  |9 589698  |a BIBENE  |b BIBENE  |c RES  |d 2023-04-18  |e 3  |g 13797.90  |i 5657192  |l 17  |o 330 CHA 2015  |p 5657192  |r 2025-05-05  |s 2025-05-02  |t 1  |v 13797.90  |w 2023-04-18  |y BK_R  |k ICO